000 00474nam a2200181Ia 4500
003 LDD
008 181101s9999 xx 000 0 und d
020 _c300.00
040 _cLDD
100 _aFaisal,Shah
245 0 _aMutata asnafe adab
_cShah Faisal
260 _aDelhi
_bKitabi Duniya
_c2010
300 _a360p. vol-
901 _a15920
_b17-03-2017
902 _a2840
_b17-03-2017
_cF
_dPIBD
_e8U
903 _a20
_bReqst by : Moh. Akbar
942 _2ddc
_cUR
999 _c144
_d144